000 00811nam a2200265Ia 4500
005 20250425161923.0
008 250425s9999 xx 000 0 und d
020 _a9275710317
041 _aspa
082 _a610.696
100 _aSEGARRA, MARIA MERCEDES
245 0 _aREGISTROS MEDICOS Y DE SALUD MODULOS DE APRENDIZAJE: ORGANIZACION DEL REGISTRO DE CANCER DE HOSPITAL
250 _aS.E.
260 _aEstados Unidos
_bORGANIZACION PANAMERICANA DE LA SALUD
_c1991
260 _aWASHINGTON
300 _a29
500 _aMODULO No.5SERIE PALTEX PARA TECNICOS MEDIOS Y AUXILIARESNUMERO 17
650 _aCANCER
650 _aHISTORIAS CLINICAS
650 _aORGANIZACION
650 _aREGISTROS DE DATOS
710 _aORGANIZACION PANAMERICANA DE LA SALUD
942 _c01
010 _a34947
999 _c218862
_d218862